| 000 | 00629nam a2200217Ia 4500 | ||
|---|---|---|---|
| 003 | GCL | ||
| 008 | 140319s9999 xx 000 0 ara d | ||
| 040 |
_aGCL / _cGCL |
||
| 082 | 0 | 4 |
_a792.027 _bك ف |
| 100 | 1 | _aامين سلامة | |
| 245 | 1 | 0 |
_aفن الماكياج للسينما والمسرح والتليفزيون / _cامين سلامة |
| 700 | 1 | _aكورسون, ريتشارد | |
| 300 | _a668 | ||
| 490 |
_a100 قصة _v0 |
||
| 650 | 0 | 4 | _aالمسرح |
| 650 | 0 | 4 | _aالتليفزيون |
| 650 | 0 | 4 | _aمستحضرات التجميل |
| 650 | 0 | 4 | _aالسينما |
| 650 | 0 | 4 | _aالمكياج |
| 942 |
_2ddc _cBK |
||
| 999 |
_c44277 _d44277 |
||